Mystery Taylor Swift Song #98 - Statistics

General Stats
  • This quiz has been taken 280 times
  • The average score is 90 of 137
Answer Stats
Song % Correct
a
96%
"I
95%
I
95%
the
94%
love
93%
you
93%
The Tortured Poets Department
91%
and
89%
it
88%
do
87%
me
87%
In
86%
to
85%
can
83%
I'm
83%
where
83%
at
82%
if
82%
on
82%
so
82%
your
82%
no
81%
Then
81%
can't
80%
For
80%
my
80%
of
80%
have
78%
is
78%
it's
78%
was
78%
Did
77%
down
77%
that
77%
Just
76%
up?
76%
up
76%
bad
75%
him"
75%
him
75%
all
74%
crying
74%
gym
74%
they
74%
us
74%
us.
74%
"Fuck
73%
Fuck
73%
Now
73%
one
73%
this
73%
not
72%
would
72%
Everything
71%
How
71%
Like
70%
moment
70%
come
69%
Down Bad
68%
might
68%
really
68%
say
68%
back
67%
out
67%
teenage
67%
Tell
67%
from
66%
knew
66%
take
66%
comes
65%
get
65%
leave
65%
make
65%
alone
64%
Cause
64%
here
64%
than
64%
chosen
63%
stay
63%
came
62%
difference."
62%
die
61%
I'll
61%
naked
61%
some
61%
clothes?
60%
dust
60%
experiments
60%
old
60%
think
60%
cosmic
59%
pick
58%
sparkling
58%
blood
57%
beam
56%
about
55%
world
55%
bigger
54%
cloud
53%
petulance
53%
town
53%
waking
53%
lost
52%
loved
52%
same
52%
sky
52%
Staring
52%
dare
51%
heaven
51%
struck
51%
talk
51%
sent
50%
stranded
50%
existence
49%
Leaving
49%
romantic
49%
fort
48%
safe
48%
They'll
48%
hollow
47%
planet
47%
seems
47%
Show
47%
twin
47%
understand
46%
closer
43%
hostile
43%
ship
43%
nuts
42%
takeovers
42%
build
40%
exposures
39%
field
39%
indecent
39%
Waving
38%
somehow
36%
Encounters
33%
No matching quizzes found
Score Distribution
Percent of People with Each Score
Percentile by Number Answered
Your Score History
You have not taken this quiz